000 01326nam a2200337 i 4500
003 EG-GICUC
005 20260210214225.0
008 260210s20062007au ||||fr|||| 000 0 ara d
017 _a2006/2076
020 _a977-04-4902-4
040 _a EG-GICUC
_c EG-GICUC
_d EG-GICUC
_erda
_bara
041 0 _aara
082 0 4 _221
_a343.91
_bم ص . ن
092 0 4 _221
099 _aLaw1 10 343.91 م ص . ن 2007
100 0 _aمصطفي محمد عبد المحسن
_eمؤلف.
245 1 2 _aالنظام الجنائي الإسلامي القسم العام.
_nالجزء الأول،
_pالعقوبة.
_bالبنيان القانوني للعقوبة وعقوبات الحدود /
_cمصطفي محمد عبد المحسن.
264 1 _aالقاهرة :
_bدار النهضة العربية،
_c2007.
300 _a1053 ؛ صفحة
_c28 سم.
336 _2rda content
_atext
337 _2rda media
_aComputer
338 _2rda carrier
_aOnline Resource
504 _a. 972-1028ببليوجرافيا: صفحات
504 _aببليوجرافيا
546 _aالنص باللغة العربية
650 1 4 _aالنظام الجنائي الإسلامي
650 1 4 _aالقانون الجنائي
856 4 0 _uhttps://fll.law.cu.edu.eg/fulltext/bks/B10-08325.pdf
905 _a77
942 _2ddc
_cBK
_e21
_n0
999 _c62518
_d62518